Statistiken für Weiteste Länder

Klicken Sie hier um das Quiz zu spielen!

Allgemein

  • Dieses Quiz wurde 2,696 mal gespielt
  • Das Durchschnittsergebnis liegt bei 16 aus 20

Antwortstatistiken

Spanne Land % Korrekt
10,564 kmRussland
100%
4,563 kmVereinigte Staaten
99%
5,224 kmChina
98%
5,823 kmKanada
98%
4,045 kmAustralien
96%
4,329 kmBrasilien
96%
2,887 kmIndien
93%
3,008 kmKasachstan
90%
2,523 kmMongolei
89%
3,151 kmMexiko
84%
2,110 kmAlgerien
83%
2,122 kmDemokratische
Republik Kongo
80%
1,911 kmIran
78%
2,176 kmSaudi-Arabien
74%
1,610 kmTürkei
68%
1,634 kmLibyen
66%
1,820 kmSudan
61%
1,773 kmMali
58%
1,702 kmNiger
56%
1,670 kmMarokko
39%

Verteilung der Resultate

Perzentil nach korrekt beantworteten Fragen

Anzahl Personen mit jedem Resultat

Ihre Resultats-Entwicklung

Sie haben dieses Quiz noch nicht gespielt